| 000 | 00643nam a22001697a 4500 | ||
|---|---|---|---|
| 003 | OSt | ||
| 005 | 20171010095507.0 | ||
| 008 | 120810t xxu||||| |||| 00| 0 eng d | ||
| 040 |
_aMMSU _cULS |
||
| 100 |
_aFarinas, Antonio R. _911942 |
||
| 245 |
_aPre-drying treatment of high moisture palay using three levels of salt concentration _cAntonio R. Farinas |
||
| 260 | _c1988 | ||
| 300 |
_axiii, 64 leaves _c28 cm. |
||
| 500 | _aThesis (MS Agricultural Engineering-Crop Process Engineering) -- Central Luzon State University-Institute of Graduate Studies, Muñoz, Nueva Ecija | ||
| 504 | _aBibliography: leaves 35-36 | ||
| 942 |
_2ddc _cTHEDIS |
||
| 999 |
_c9686 _d9686 |
||